Представление документа в формате RUSMARC

ПолеНазваниеЗначение
  Тип записи a
  Библиографический уровень m
001 Контрольный номер UONB/MAIN/bc9d66192a754950a6f0c0545493b673
005 Дата корректировки 20260429170829.3
010 Индекс ISBN __
d Цена 85 к.
9 Тираж 2000 экз.
100 Данные общей обработки __
a Данные общей обработки 20260429d1978 u y0rusy0189 ca
101 Язык документа 0_
a Язык текста rus
102 Страна публикации __
a Страна публикации RU
105 Кодированные данные (монография) __
a Кодированные данные (монография) a z 000yy
200 Заглавие и сведения об ответственности 1_
a Заглавие Заслуженные художники РСФСР Людмила и Дмитрий Шушкановы
e Сведения, относящиеся к заглавию художественное стекло, керамика, дерево
e Сведения, относящиеся к заглавию каталог выставки
f Первые сведения об ответственности Союз художников СССР [и др.]
g Последующие сведения об ответственности предисловие Л. Крамаренко
203 Вид содержания и тип средства __
a Вид содержания Текст
b Характеристика содержания визуальный
c Тип средства непосредственный
210 Выходные данные 1_
a Место издания Москва
c Издательство Советский художник
d Дата издания 1978
215 Физическое описание __
a Объем [28] с.
c Иллюстрации/тип воспроизводства ил.
d Формат 26 см
606 Тематические рубрики 0_
a Основная рубрика Стекло художественое, русское, советское
x Основная подрубрика Выставки
y Географическая подрубрика Москва
z Хронологическая подрубрика 1978
606 Тематические рубрики 0_
a Основная рубрика Керамические изделия, художественные, русские, советские
x Основная подрубрика Выставки
y Географическая подрубрика Москва
z Хронологическая подрубрика 1978
606 Тематические рубрики 0_
a Основная рубрика Резьба художественная по дереву
x Основная подрубрика Выставки
y Географическая подрубрика Москва
z Хронологическая подрубрика 1978
610 Ключевые слова 0_
a Ключевые слова стекло художественное русское; керамические изделия; резьба художественная по дереву
686 Индексы других классификаций __
2 Код системы rubbk
a Классификационный индекс 85.125.2
702 Вторичная интеллектуальная ответственность _1
a Фамилия Крамаренко
b Имя (инициалы) Л.
4 Код отношения 080
710 Наименование организации. (Первичная ответственность) 02
a Организация/ юрисдикция Шушканова, Людмила Николаевна
b Другие уровни Шушканов, Дмитрий Николаевич
b Другие уровни Выставка работ
e Место проведения Москва
f Дата проведения 1978
712 Наименование организации (Вторичная ответственность) 02
a Организация/ юрисдикция Союз художников СССР
b Другие уровни Союз художников РСФСР
b Другие уровни Московская организация Союза художников РСФСР
4 Код отношения 570
801 Источник записи _0
a Страна RU
b Организация Ульяновская ОНБ
c Дата составления 20260429
g Правила каталогизации RCR
801 Источник записи _1
a Страна RU
b Организация Ульяновская ОНБ
c Дата составления 20260429
g Правила каталогизации RCR
901 Тип документа __
t Тип документа m
909 Создатель записи __
b Дата создания записи 20260429
a Создатель записи Мичурина